|
|
|
|
| LEADER |
01706nam a22003257a 4500 |
| 001 |
38238 |
| 003 |
BD-DhAAL |
| 008 |
220329t2002 bg a|||| |||| 00| 0 ben d |
| 020 |
|
|
|a 9841104323
|
| 020 |
|
|
|a 9841104299
|
| 020 |
|
|
|a 9789845250665
|
| 040 |
|
|
|a BD-DhAAL
|c BD-DhAAL
|
| 041 |
|
|
|a ben
|
| 082 |
|
|
|a 363.8
|2 23
|
| 100 |
|
|
|a আহমদ, আবুল মনসুর
|9 47517
|
| 245 |
|
|
|a ফুড কনফারেন্স /
|c আবুল মনসুর আহমদ.
|
| 246 |
|
|
|a Food conference
|
| 260 |
|
|
|a ঢাকা :
|b আহমদ পাবলিশিং হাউস,
|c ২০০২, c২০১৯ [চতুর্থ মুদ্রণ ২০২১].
|
| 300 |
|
|
|a ১০৪ পৃষ্ঠা,
|a ১২৫ পৃষ্ঠা :
|b চিত্র ;
|c ২২ সে.মি.
|
| 526 |
|
|
|a GenEd
|
| 541 |
|
|
|a Donated By Akbar Ali Khan, Development Book Agency
|e 38238, 40839, 40840
|
| 650 |
|
|
|a Food
|v Congresses.
|9 47518
|
| 650 |
|
|
|a Food supply
|v Congresses.
|9 47519
|
| 650 |
|
|
|a Agriculture
|v Congresses.
|9 47520
|
| 852 |
|
|
|a Ayesha Abed Library
|c Akbar Ali Khan Collection
|
| 942 |
|
|
|2 ddc
|c BK
|
| 999 |
|
|
|c 43911
|d 43911
|
| 952 |
|
|
|0 0
|1 0
|2 ddc
|4 0
|6 363_800000000000000_AHM
|7 1
|9 70309
|a BRACUL
|b BRACUL
|c AAKC
|d 2022-03-29
|e Donated by Akbar Ali Khan
|l 0
|o 363.8 AHM
|p 3010038238
|r 2022-03-29
|t 1
|w 2022-03-29
|y BK
|
| 952 |
|
|
|0 0
|1 0
|2 ddc
|4 0
|6 363_800000000000000_AHM
|7 0
|9 73004
|a SCL
|b SCL
|c GEN
|d 2023-01-15
|e Development Book Agency
|g 270.00
|l 0
|o 363.8 AHM
|p 3020040839
|r 2023-01-15
|t 2
|v 270.00
|w 2023-01-15
|y BK
|
| 952 |
|
|
|0 0
|1 0
|2 ddc
|4 0
|6 363_800000000000000_AHM
|7 0
|9 73005
|a SCL
|b SCL
|c GEN
|d 2023-01-15
|e Development Book Agency
|g 270.00
|l 2
|m 2
|o 363.8 AHM
|p 3020040840
|r 2026-05-04
|s 2026-04-27
|t 3
|v 270.00
|w 2023-01-15
|y BK
|